Fisiología humana / (Record no. 80395)
[ view plain ]
| 000 -LEADER | |
|---|---|
| campo de control de longitud fija | 00615nam a2200193 i 4500 |
| 001 - NÚMERO DE CONTROL | |
| campo de control | 80395 |
| 003 - IDENTIFICADOR DE NÚMERO DE CONTROL | |
| campo de control | ES-MaACL |
| 005 - FECHA Y HORA DE LA ÚLTIMA TRANSACCIÓN | |
| campo de control | 20251002203813.0 |
| 007 - CAMPO FIJO DE DESCRIPCIÓN FÍSICA--INFORMACIÓN GENERAL | |
| campo de control de longitud fija | t| |
| 008 - DATOS DE LONGITUD FIJA--INFORMACIÓN GENERAL | |
| campo de control de longitud fija | 041027s1928 sp ||||1| spa d |
| 100 1# - ENTRADA PRINCIPAL--NOMBRE DE PERSONA | |
| Nombre de persona | Hoeber, Rudolf. |
| 9 (RLIN) | 63910 |
| 245 10 - MENCIÓN DEL TÍTULO | |
| Título | Fisiología humana / |
| Mención de responsabilidad, etc. | Rudolf Höber ; traducción de la tercera edición alemana por E. Fernández Galiano. |
| 260 ## - PUBLICACIÓN, DISTRIBUCIÓN, ETC. | |
| Lugar de publicación, distribución, etc. | Barcelona : |
| Nombre del editor, distribuidor, etc. | Labor, |
| Fecha de publicación, distribución, etc. | 1928. |
| 300 ## - DESCRIPCIÓN FÍSICA | |
| Extensión | XI, 691 p. : |
| Otras características físicas | il. ; |
| Dimensiones | 23 cm. |
| 650 #4 - PUNTO DE ACCESO ADICIONAL DE MATERIA--TÉRMINO DE MATERIA | |
| Término de materia o nombre geográfico como elemento de entrada | Fisiología humana. |
| 9 (RLIN) | 12890 |
| 700 1# - ENTRADA AGREGADA--NOMBRE PERSONAL | |
| Nombre de persona | Fernández Galiano, Emilio, |
| Fechas asociadas al nombre | 1885-1953 |
| 9 (RLIN) | 49799 |
| 852 ## - LOCALIZACIÓN | |
| Ubicación | ES-MaACL |
| Número de control de estantería | E-650 |
| Estatus retirado | Estado de pérdida | Estado de daño | No para préstamo | Biblioteca de origen | Biblioteca actual | Ubicación en estantería | Fecha de adquisición | Fuente de adquisición | Total de préstamos | Signatura topográfica completa | Código de barras | Visto por última vez | Precio de reemplazo | Tipo de ítem Koha |
|---|---|---|---|---|---|---|---|---|---|---|---|---|---|---|
| Biblioteca del Ateneo de Madrid | Biblioteca del Ateneo de Madrid | Depósito 2 | 17/01/2008 | E-650 | 1084056 | 23/02/2023 | 23/02/2023 | Libro impreso |
